Normal view
MARC view
- Supervisor DR. Summair Raza
Entry Personal Name
001 - CONTROL NUMBER
- control field: 73206
003 - CONTROL NUMBER IDENTIFIER
- control field: NUST
005 - DATE AND TIME OF LATEST TRANSACTION
- control field: 20210628205001.0
008 - FIXED-LENGTH DATA ELEMENTS
- fixed length control field: 210628|| aca||aabn | a|a d
040 ## - CATALOGING SOURCE
- Original cataloging agency: NUST
- Transcribing agency: NUST
100 ## - HEADING--PERSONAL NAME
- Personal name: Supervisor DR. Summair Raza
670 ## - SOURCE DATA FOUND
- Source citation: Work cat.: (NUST): Sana Abid Supervisor DR. Usman Qamar Co 73205, TH-SOF-1790-Unsupervised Feature Selection Using Incremental Dependency Classes Based on Rough Set Theory, 2020
